| 000 | 00440nam a2200169Ia 4500 | ||
|---|---|---|---|
| 008 | 260407s2023 xx 000 0 und d | ||
| 041 | _aeng | ||
| 082 |
_a615/GAU _b11513 |
||
| 100 | _aDR.RUPESH GAUTAM | ||
| 245 | _aA PRACTICAL BOOK OF PHARMACOLOGY -III | ||
| 250 | _a3RD | ||
| 260 |
_aPUNE _bNIRLAI PRAKASHAN _c2023 |
||
| 300 | _a35p | ||
| 650 | _aPHARMACOLOGY | ||
| 650 | _aPRACTICAL PHARMACOLOGY -III | ||
| 700 | _aBALJINDAR SINGH | ||
| 999 |
_c1219005 _d1219005 |
||